000 00491nam a2200181Ia 4500
008 151202s9999||||xx |||||||||||||| ||und||
082 _bPNVM-27472
100 _aGOVT. OF INDIA.
245 _aFOURTH GENERAL ELECTIONS. 2ND COPY.
260 _bGOVT OF INDIA BOMBAY.
260 _c1967
300 _a298
600 _aGOVT. OF INDIA.
630 _aFOURTH GENERAL ELECTIONS. 2ND COPY.
700 _aGOVT. OF INDIA.
730 _aFOURTH GENERAL ELECTIONS. 2ND COPY.
942 _cBOOK
999 _c1293441
_d1293438